Možnosti sociálneho rozvoja miestnych samospráv v Slovenskej republike
Základné definície sociálneho rozvoja samospráv v Slovenskej republike. Možnosti a priority sociálneho rozvoja. Teoretické východiská skúmania sociálneho rozvoja. Ciele a materiál článku, výsledky a diskusia.
Na minha lista:
| Autor principal: | |
|---|---|
| Outros Autores: | |
| Formato: | Capítulo de Livro |
| Idioma: | eslovaco |
| Assuntos: | |
| Tags: |
Sem tags, seja o primeiro a adicionar uma tag!
|
MARC
| LEADER | 00000naa a2200000 4500 | ||
|---|---|---|---|
| 001 | 0141815 | ||
| 005 | 20231204131918.0 | ||
| 041 | 0 | |a slo | |
| 044 | |a SK | ||
| 245 | 1 | 0 | |a Možnosti sociálneho rozvoja miestnych samospráv v Slovenskej republike |c Ľubica Švantnerová, Silvia Tešínska |
| 520 | |a Základné definície sociálneho rozvoja samospráv v Slovenskej republike. Možnosti a priority sociálneho rozvoja. Teoretické východiská skúmania sociálneho rozvoja. Ciele a materiál článku, výsledky a diskusia. | ||
| 610 | 2 | 0 | |a samospráva miestna |
| 610 | 2 | 0 | |a vývoj sociálny |
| 610 | 2 | 0 | |a kapitál sociálny |
| 610 | 2 | 0 | |a Slovensko |
| 100 | 1 | |a Švantnerová, Ľubica | |
| 700 | 1 | |a Tešínska, Silvia | |